[Event "April 9 Early 2024"]
[Site "Chess.com"]
[Date "2024.04.09"]
[Round "5"]
[White "Daaevik Wadhawan"]
[Black "Rustemov, Alexander"]
[Result "0-1"]
[Board "22"]
[WhiteFideId "45015724"]
[BlackFideId "4119002"]
[WhiteTitle "FM"]
[BlackTitle "GM"]
[WhiteElo "2594"]
[BlackElo "2848"]
[WhiteTeam "IND"]
[BlackTeam "RUS"]
[WhiteClock "0:00:00"]
[BlackClock "0:00:17"]
[Variant "Standard"]

1. d4 {[%clk 0:03:00]}  d5 {[%clk 0:02:59]} 2. Nf3 {[%clk 0:03:00]}  Nf6 {[%clk 0:02:59]} 3. Bf4 {[%clk 0:03:00]}  c5 {[%clk 0:02:58]} 4. e3 {[%clk 0:03:00]}  Nc6 {[%clk 0:02:59]} 5. Nbd2 {[%clk 0:03:01]}  Bg4 {[%clk 0:03:00]} 6. c3 {[%clk 0:02:54]}  e6 {[%clk 0:03:00]} 7. Qb3 {[%clk 0:02:51]}  Qc8 {[%clk 0:02:59]} 8. Ne5 {[%clk 0:02:34]}  Bh5 {[%clk 0:02:48]} 9. Bb5 {[%clk 0:02:26]}  Nd7 {[%clk 0:02:48]} 10. Ndf3 {[%clk 0:02:08]}  Bxf3 {[%clk 0:02:40]} 11. Nxf3 {[%clk 0:01:57]}  Be7 {[%clk 0:02:39]} 12. O-O {[%clk 0:01:49]}  a6 {[%clk 0:02:37]} 13. Be2 {[%clk 0:01:45]}  O-O {[%clk 0:02:35]} 14. Qc2 {[%clk 0:01:45]}  b5 {[%clk 0:02:33]} 15. a4 {[%clk 0:01:36]}  Qb7 {[%clk 0:02:28]} 16. dxc5 {[%clk 0:01:24]}  Nxc5 {[%clk 0:02:25]} 17. axb5 {[%clk 0:01:24]}  axb5 {[%clk 0:02:26]} 18. Nd4 {[%clk 0:01:24]}  Nxd4 {[%clk 0:02:11]} 19. exd4 {[%clk 0:01:25]}  Ne4 {[%clk 0:02:07]} 20. Qb3 {[%clk 0:01:09]}  Bd6 {[%clk 0:01:56]} 21. Bxd6 {[%clk 0:01:04]}  Nxd6 {[%clk 0:01:57]} 22. Qb4 {[%clk 0:01:04]}  Qc6 {[%clk 0:01:53]} 23. Qc5 {[%clk 0:00:55]}  Qd7 {[%clk 0:01:50]} 24. Ra3 {[%clk 0:00:46]}  Rfc8 {[%clk 0:01:45]} 25. Qb4 {[%clk 0:00:46]}  Rxa3 {[%clk 0:01:37]} 26. Qxa3 {[%clk 0:00:46]}  g6 {[%clk 0:01:33]} 27. Ra1 {[%clk 0:00:46]}  Rc7 {[%clk 0:01:23]} 28. Qb4 {[%clk 0:00:40]}  Kg7 {[%clk 0:01:23]} 29. Ra6 {[%clk 0:00:40]}  Nc4 {[%clk 0:01:18]} 30. g3 {[%clk 0:00:39]}  Qe7 {[%clk 0:01:07]} 31. Qxb5 {[%clk 0:00:09]}  Rb7 {[%clk 0:01:06]} 32. Qc5 {[%clk 0:00:10]}  Qxc5 {[%clk 0:00:56]} 33. dxc5 {[%clk 0:00:10]}  Nxb2 {[%clk 0:00:56]} 34. c6 {[%clk 0:00:09]}  Rc7 {[%clk 0:00:56]} 35. Ra2 {[%clk 0:00:06]}  Nc4 {[%clk 0:00:55]} 36. Bxc4 {[%clk 0:00:06]}  dxc4 {[%clk 0:00:55]} 37. Ra6 {[%clk 0:00:07]}  Kf6 {[%clk 0:00:56]} 38. f4 {[%clk 0:00:07]}  Ke7 {[%clk 0:00:56]} 39. Rb6 {[%clk 0:00:07]}  Kd6 {[%clk 0:00:56]} 40. Kf2 {[%clk 0:00:07]}  Rxc6 {[%clk 0:00:56]} 41. Rb7 {[%clk 0:00:07]}  Rc7 {[%clk 0:00:56]} 42. Rb4 {[%clk 0:00:08]}  Kc5 {[%clk 0:00:55]} 43. Rb8 {[%clk 0:00:08]}  Rd7 {[%clk 0:00:48]} 44. Rc8+ {[%clk 0:00:07]}  Kb5 {[%clk 0:00:47]} 45. Rb8+ {[%clk 0:00:07]}  Kc6 {[%clk 0:00:47]} 46. Rc8+ {[%clk 0:00:07]}  Kd5 {[%clk 0:00:48]} 47. Ke3 {[%clk 0:00:07]}  f6 {[%clk 0:00:39]} 48. Rf8 {[%clk 0:00:05]}  f5 {[%clk 0:00:36]} 49. Rc8 {[%clk 0:00:04]}  Rd6 {[%clk 0:00:36]} 50. Rc7 {[%clk 0:00:04]}  h6 {[%clk 0:00:34]} 51. Rc8 {[%clk 0:00:03]}  Rc6 {[%clk 0:00:32]} 52. Rd8+ {[%clk 0:00:03]}  Kc5 {[%clk 0:00:33]} 53. Rg8 {[%clk 0:00:03]}  Rd6 {[%clk 0:00:30]} 54. Rxg6 {[%clk 0:00:03]}  Rd3+ {[%clk 0:00:31]} 55. Ke2 {[%clk 0:00:03]}  Kd5 {[%clk 0:00:31]} 56. Rxh6 {[%clk 0:00:03]}  Rxc3 {[%clk 0:00:32]} 57. Rh8 {[%clk 0:00:04]}  Rc2+ {[%clk 0:00:29]} 58. Ke3 {[%clk 0:00:04]}  Rc3+ {[%clk 0:00:29]} 59. Kd2 {[%clk 0:00:04]}  Ra3 {[%clk 0:00:29]} 60. Rd8+ {[%clk 0:00:03]}  Ke4 {[%clk 0:00:29]} 61. Rc8 {[%clk 0:00:03]}  Ra2+ {[%clk 0:00:27]} 62. Kc3 {[%clk 0:00:02]}  Rxh2 {[%clk 0:00:27]} 63. Rxc4+ {[%clk 0:00:02]}  Kf3 {[%clk 0:00:27]} 64. Kd4 {[%clk 0:00:03]}  Kxg3 {[%clk 0:00:26]} 65. Ke5 {[%clk 0:00:03]}  Re2+ {[%clk 0:00:26]} 66. Kf6 {[%clk 0:00:03]}  Re4 {[%clk 0:00:25]} 67. Rxe4 {[%clk 0:00:03]}  fxe4 {[%clk 0:00:25]} 68. Kxe6 {[%clk 0:00:03]}  e3 {[%clk 0:00:26]} 69. f5 {[%clk 0:00:04]}  e2 {[%clk 0:00:26]} 70. f6 {[%clk 0:00:03]}  e1=Q+ {[%clk 0:00:27]} 71. Kf7 {[%clk 0:00:04]}  Kg4 {[%clk 0:00:23]} 72. Kg8 {[%clk 0:00:03]}  Qe8+ {[%clk 0:00:18]} 73. Kg7 {[%clk 0:00:03]}  Kg5 {[%clk 0:00:19]} 74. f7 {[%clk 0:00:04]}  Qe5+ {[%clk 0:00:19]} 75. Kg8 {[%clk 0:00:04]}  Qe6 {[%clk 0:00:19]} 76. Kg7 {[%clk 0:00:02]}  Qh6+ {[%clk 0:00:18]} 77. Kg8 {[%clk 0:00:00]}  Kg6 {[%clk 0:00:17]} 0-1

[Event "April 9 Early 2024"]
[Site "Chess.com"]
[Date "2024.04.09"]
[Round "5"]
[White "Kotlyar, Kirill"]
[Black "Vakhlamov, Igor L."]
[Result "0-1"]
[Board "39"]
[WhiteFideId "24145599"]
[BlackFideId "24126748"]
[WhiteTitle "FM"]
[BlackTitle "FM"]
[WhiteElo "2666"]
[BlackElo "2885"]
[WhiteTeam "RUS"]
[BlackTeam "RUS"]
[WhiteClock "0:00:01"]
[BlackClock "0:00:52"]
[Variant "Standard"]

1. e4 {[%clk 0:03:00]}  c5 {[%clk 0:02:59]} 2. Nf3 {[%clk 0:03:00]}  e6 {[%clk 0:03:00]} 3. d4 {[%clk 0:03:00]}  cxd4 {[%clk 0:03:01]} 4. Nxd4 {[%clk 0:03:01]}  Nf6 {[%clk 0:03:02]} 5. Nc3 {[%clk 0:03:01]}  Nc6 {[%clk 0:03:02]} 6. Ndb5 {[%clk 0:03:00]}  Bc5 {[%clk 0:03:02]} 7. Bf4 {[%clk 0:02:58]}  O-O {[%clk 0:03:03]} 8. Bc7 {[%clk 0:02:58]}  Qe7 {[%clk 0:03:03]} 9. Bd6 {[%clk 0:02:58]}  Bxd6 {[%clk 0:03:04]} 10. Qxd6 {[%clk 0:02:58]}  Qd8 {[%clk 0:03:05]} 11. O-O-O {[%clk 0:02:58]}  a6 {[%clk 0:03:05]} 12. Nd4 {[%clk 0:02:55]}  Ne7 {[%clk 0:03:06]} 13. h4 {[%clk 0:02:30]}  Ne8 {[%clk 0:03:06]} 14. Qg3 {[%clk 0:02:28]}  b5 {[%clk 0:03:07]} 15. a3 {[%clk 0:02:17]}  Bb7 {[%clk 0:03:06]} 16. h5 {[%clk 0:02:12]}  h6 {[%clk 0:03:06]} 17. f4 {[%clk 0:02:12]}  d6 {[%clk 0:02:59]} 18. f5 {[%clk 0:02:09]}  e5 {[%clk 0:02:59]} 19. Nb3 {[%clk 0:02:06]}  Nf6 {[%clk 0:02:51]} 20. Qh4 {[%clk 0:01:42]}  Rc8 {[%clk 0:02:38]} 21. Bd3 {[%clk 0:01:34]}  Rxc3 {[%clk 0:02:02]} 22. bxc3 {[%clk 0:01:33]}  Qc7 {[%clk 0:02:03]} 23. g4 {[%clk 0:01:22]}  Nxe4 {[%clk 0:01:42]} 24. Bxe4 {[%clk 0:01:16]}  Bxe4 {[%clk 0:01:43]} 25. Rhe1 {[%clk 0:01:17]}  Bd5 {[%clk 0:01:31]} 26. Kb2 {[%clk 0:01:13]}  f6 {[%clk 0:01:30]} 27. Rd2 {[%clk 0:01:02]}  Rc8 {[%clk 0:01:30]} 28. Qg3 {[%clk 0:01:01]}  Bf7 {[%clk 0:01:22]} 29. Red1 {[%clk 0:00:53]}  d5 {[%clk 0:01:22]} 30. Qe3 {[%clk 0:00:44]}  a5 {[%clk 0:01:19]} 31. Nc1 {[%clk 0:00:34]}  Rb8 {[%clk 0:01:14]} 32. Ne2 {[%clk 0:00:31]}  Qc4 {[%clk 0:01:08]} 33. Qd3 {[%clk 0:00:29]}  Qc5 {[%clk 0:01:06]} 34. Nc1 {[%clk 0:00:24]}  b4 {[%clk 0:00:59]} 35. cxb4 {[%clk 0:00:18]}  axb4 {[%clk 0:01:00]} 36. axb4 {[%clk 0:00:19]}  Qxb4+ {[%clk 0:00:57]} 37. Nb3 {[%clk 0:00:19]}  d4 {[%clk 0:00:57]} 38. Ra1 {[%clk 0:00:17]}  Nd5 {[%clk 0:00:57]} 39. Rh2 {[%clk 0:00:11]}  Nc3 {[%clk 0:00:56]} 40. Ra3 {[%clk 0:00:10]}  Na4+ {[%clk 0:00:54]} 41. Ka2 {[%clk 0:00:07]}  Nc5 {[%clk 0:00:52]} 42. Qa6 {[%clk 0:00:01]}  Nxa6 {[%clk 0:00:52]} 0-1

[Event "April 9 Early 2024"]
[Site "Chess.com"]
[Date "2024.04.09"]
[Round "5"]
[White "D Yashas"]
[Black "Tahbaz, Arash"]
[Result "0-1"]
[Board "42"]
[WhiteFideId "5030196"]
[BlackFideId "12528846"]
[WhiteTitle "FM"]
[BlackTitle "IM"]
[WhiteElo "2662"]
[BlackElo "2868"]
[WhiteTeam "IND"]
[BlackTeam "IRI"]
[WhiteClock "0:00:04"]
[BlackClock "0:00:53"]
[Variant "Standard"]

1. b3 {[%clk 0:02:51]}  Nf6 {[%clk 0:02:58]} 2. Bb2 {[%clk 0:02:52]}  d5 {[%clk 0:02:59]} 3. e3 {[%clk 0:02:52]}  c6 {[%clk 0:02:59]} 4. f4 {[%clk 0:02:53]}  Bg4 {[%clk 0:02:52]} 5. Be2 {[%clk 0:02:53]}  Bxe2 {[%clk 0:02:50]} 6. Qxe2 {[%clk 0:02:54]}  Nbd7 {[%clk 0:02:50]} 7. Nf3 {[%clk 0:02:54]}  e6 {[%clk 0:02:49]} 8. O-O {[%clk 0:02:54]}  Bd6 {[%clk 0:02:50]} 9. c4 {[%clk 0:02:51]}  O-O {[%clk 0:02:48]} 10. Ne5 {[%clk 0:02:48]}  Qc7 {[%clk 0:02:48]} 11. Nxd7 {[%clk 0:02:48]}  Nxd7 {[%clk 0:02:43]} 12. Nc3 {[%clk 0:02:38]}  f5 {[%clk 0:02:35]} 13. Rac1 {[%clk 0:02:35]}  Qd8 {[%clk 0:02:30]} 14. d4 {[%clk 0:02:31]}  Nf6 {[%clk 0:02:25]} 15. Nd1 {[%clk 0:02:30]}  a5 {[%clk 0:02:23]} 16. a3 {[%clk 0:02:25]}  Kh8 {[%clk 0:02:16]} 17. Nf2 {[%clk 0:02:24]}  Rg8 {[%clk 0:02:17]} 18. Nh3 {[%clk 0:01:38]}  Ne4 {[%clk 0:02:17]} 19. Rc2 {[%clk 0:01:27]}  Qh4 {[%clk 0:02:10]} 20. Qe1 {[%clk 0:01:20]}  Qh6 {[%clk 0:02:03]} 21. Kh1 {[%clk 0:00:57]}  Qh5 {[%clk 0:01:58]} 22. Qe2 {[%clk 0:00:39]}  Qxe2 {[%clk 0:01:56]} 23. Rxe2 {[%clk 0:00:38]}  a4 {[%clk 0:01:55]} 24. cxd5 {[%clk 0:00:36]}  cxd5 {[%clk 0:01:45]} 25. b4 {[%clk 0:00:36]}  Rgc8 {[%clk 0:01:45]} 26. Nf2 {[%clk 0:00:36]}  Nxf2+ {[%clk 0:01:33]} 27. Rfxf2 {[%clk 0:00:37]}  Rc4 {[%clk 0:01:34]} 28. Rc2 {[%clk 0:00:36]}  Rac8 {[%clk 0:01:33]} 29. Rxc4 {[%clk 0:00:37]}  dxc4 {[%clk 0:01:24]} 30. Rc2 {[%clk 0:00:36]}  Kg8 {[%clk 0:01:23]} 31. Kg1 {[%clk 0:00:36]}  Kf7 {[%clk 0:01:24]} 32. Kf2 {[%clk 0:00:36]}  Ke8 {[%clk 0:01:24]} 33. Kf3 {[%clk 0:00:37]}  Kd7 {[%clk 0:01:22]} 34. e4 {[%clk 0:00:35]}  b5 {[%clk 0:01:21]} 35. g3 {[%clk 0:00:32]}  g6 {[%clk 0:01:20]} 36. Bc3 {[%clk 0:00:32]}  Kc6 {[%clk 0:01:20]} 37. Rd2 {[%clk 0:00:31]}  fxe4+ {[%clk 0:01:16]} 38. Kxe4 {[%clk 0:00:32]}  Re8 {[%clk 0:01:17]} 39. h4 {[%clk 0:00:29]}  Rf8 {[%clk 0:01:10]} 40. Rh2 {[%clk 0:00:25]}  Rf5 {[%clk 0:01:10]} 41. Bd2 {[%clk 0:00:24]}  h5 {[%clk 0:00:56]} 42. Bc3 {[%clk 0:00:23]}  Kd7 {[%clk 0:00:56]} 43. Rd2 {[%clk 0:00:22]}  Be7 {[%clk 0:00:56]} 44. d5 {[%clk 0:00:19]}  Bd6 {[%clk 0:00:56]} 45. Rd1 {[%clk 0:00:18]}  Ke7 {[%clk 0:00:56]} 46. Rd2 {[%clk 0:00:17]}  Rf8 {[%clk 0:00:55]} 47. dxe6 {[%clk 0:00:17]}  Kxe6 {[%clk 0:00:56]} 48. Rd5 {[%clk 0:00:17]}  Rf5 {[%clk 0:00:51]} 49. Rxf5 {[%clk 0:00:10]}  gxf5+ {[%clk 0:00:52]} 50. Kd4 {[%clk 0:00:10]}  Be7 {[%clk 0:00:53]} 51. Ke3 {[%clk 0:00:09]}  Bf6 {[%clk 0:00:53]} 52. Kd2 {[%clk 0:00:08]}  Bxc3+ {[%clk 0:00:52]} 53. Kxc3 {[%clk 0:00:04]}  Kd5 {[%clk 0:00:53]} 0-1

[Event "April 9 Early 2024"]
[Site "Chess.com"]
[Date "2024.04.09"]
[Round "5"]
[White "Mahdavi, Reza"]
[Black "Souleidis, Georgios"]
[Result "1-0"]
[Board "44"]
[WhiteFideId "12595926"]
[BlackFideId "4206827"]
[WhiteTitle "FM"]
[BlackTitle "IM"]
[WhiteElo "2866"]
[BlackElo "2652"]
[WhiteTeam "IRI"]
[BlackTeam "GRE"]
[WhiteClock "0:00:23"]
[BlackClock "0:00:00"]
[Variant "Standard"]

1. e4 {[%clk 0:03:00]}  c5 {[%clk 0:02:59]} 2. Nf3 {[%clk 0:02:59]}  e6 {[%clk 0:03:00]} 3. d4 {[%clk 0:02:57]}  cxd4 {[%clk 0:03:01]} 4. Nxd4 {[%clk 0:02:58]}  Nf6 {[%clk 0:03:01]} 5. Nc3 {[%clk 0:02:59]}  Nc6 {[%clk 0:03:01]} 6. a3 {[%clk 0:02:59]}  Be7 {[%clk 0:03:01]} 7. Nxc6 {[%clk 0:02:56]}  bxc6 {[%clk 0:03:02]} 8. e5 {[%clk 0:02:57]}  Nd5 {[%clk 0:03:03]} 9. Qg4 {[%clk 0:02:56]}  g6 {[%clk 0:03:03]} 10. Qg3 {[%clk 0:02:54]}  f6 {[%clk 0:02:51]} 11. Ne4 {[%clk 0:02:43]}  fxe5 {[%clk 0:01:50]} 12. Bh6 {[%clk 0:02:36]}  d6 {[%clk 0:01:40]} 13. O-O-O {[%clk 0:02:32]}  Qb6 {[%clk 0:01:27]} 14. c4 {[%clk 0:02:27]}  Rb8 {[%clk 0:01:25]} 15. Rd2 {[%clk 0:02:25]}  Nf6 {[%clk 0:01:11]} 16. Ng5 {[%clk 0:02:12]}  Qb3 {[%clk 0:00:46]} 17. Bd3 {[%clk 0:02:04]}  Nh5 {[%clk 0:00:32]} 18. Qf3 {[%clk 0:02:00]}  Nf4 {[%clk 0:00:32]} 19. Rhd1 {[%clk 0:01:43]}  Nxd3+ {[%clk 0:00:25]} 20. Qxd3 {[%clk 0:01:43]}  Qxd3 {[%clk 0:00:26]} 21. Rxd3 {[%clk 0:01:44]}  d5 {[%clk 0:00:20]} 22. f3 {[%clk 0:01:44]}  Ba6 {[%clk 0:00:18]} 23. Nxe6 {[%clk 0:01:39]}  Bxc4 {[%clk 0:00:18]} 24. Re3 {[%clk 0:01:40]}  Bf6 {[%clk 0:00:16]} 25. Rde1 {[%clk 0:01:29]}  Kf7 {[%clk 0:00:16]} 26. Ng5+ {[%clk 0:01:29]}  Bxg5 {[%clk 0:00:17]} 27. Bxg5 {[%clk 0:01:30]}  Rhe8 {[%clk 0:00:17]} 28. Bh4 {[%clk 0:01:25]}  Rb7 {[%clk 0:00:16]} 29. Rxe5 {[%clk 0:01:25]}  Rxe5 {[%clk 0:00:16]} 30. Rxe5 {[%clk 0:01:26]}  h6 {[%clk 0:00:13]} 31. f4 {[%clk 0:01:25]}  Rd7 {[%clk 0:00:12]} 32. Kd2 {[%clk 0:01:25]}  d4 {[%clk 0:00:12]} 33. Rc5 {[%clk 0:01:23]}  Bd5 {[%clk 0:00:11]} 34. g3 {[%clk 0:01:23]}  Be4 {[%clk 0:00:10]} 35. b4 {[%clk 0:01:18]}  h5 {[%clk 0:00:09]} 36. Bg5 {[%clk 0:01:19]}  Bf5 {[%clk 0:00:09]} 37. Rxc6 {[%clk 0:01:17]}  d3 {[%clk 0:00:10]} 38. a4 {[%clk 0:01:13]}  Be4 {[%clk 0:00:07]} 39. Rc4 {[%clk 0:01:12]}  Bf5 {[%clk 0:00:07]} 40. b5 {[%clk 0:01:11]}  Ke6 {[%clk 0:00:06]} 41. a5 {[%clk 0:01:07]}  Kd5 {[%clk 0:00:05]} 42. Rb4 {[%clk 0:01:04]}  Kc5 {[%clk 0:00:05]} 43. Rb1 {[%clk 0:01:04]}  Rb7 {[%clk 0:00:04]} 44. b6 {[%clk 0:00:49]}  axb6 {[%clk 0:00:05]} 45. Bd8 {[%clk 0:00:48]}  b5 {[%clk 0:00:01]} 46. Rc1+ {[%clk 0:00:47]}  Kb4 {[%clk 0:00:01]} 47. Bb6 {[%clk 0:00:43]}  Ka4 {[%clk 0:00:01]} 48. Ra1+ {[%clk 0:00:39]}  Kb3 {[%clk 0:00:02]} 49. Rb1+ {[%clk 0:00:36]}  Ka2 {[%clk 0:00:02]} 50. Rc1 {[%clk 0:00:33]}  Kb3 {[%clk 0:00:02]} 51. Be3 {[%clk 0:00:30]}  Ka4 {[%clk 0:00:03]} 52. a6 {[%clk 0:00:30]}  Rb8 {[%clk 0:00:03]} 53. a7 {[%clk 0:00:31]}  Ra8 {[%clk 0:00:03]} 54. Kc3 {[%clk 0:00:31]}  b4+ {[%clk 0:00:03]} 55. Kc4 {[%clk 0:00:30]}  Be6+ {[%clk 0:00:03]} 56. Kxd3 {[%clk 0:00:29]}  b3 {[%clk 0:00:03]} 57. Kc3 {[%clk 0:00:25]}  Kb5 {[%clk 0:00:02]} 58. Kb2 {[%clk 0:00:25]}  Ka4 {[%clk 0:00:02]} 59. Rc6 {[%clk 0:00:25]}  Bf5 {[%clk 0:00:02]} 60. Ra6+ {[%clk 0:00:23]}  Kb5 {[%clk 0:00:02]} 61. Rb6+ {[%clk 0:00:24]}  Kc4 {[%clk 0:00:03]} 62. Rxb3 {[%clk 0:00:23]}  Kd5 {[%clk 0:00:00]} 63. Rb8 {[%clk 0:00:23]} 1-0

[Event "April 9 Early 2024"]
[Site "Chess.com"]
[Date "2024.04.09"]
[Round "5"]
[White "Rolly Parondo"]
[Black "Zou, Chen"]
[Result "1-0"]
[Board "47"]
[WhiteFideId "5217407"]
[BlackFideId "8610959"]
[BlackTitle "IM"]
[WhiteElo "2648"]
[BlackElo "2851"]
[WhiteTeam "PHI"]
[BlackTeam "CHN"]
[WhiteClock "0:00:06"]
[BlackClock "0:00:00"]
[Variant "Standard"]

1. d4 {[%clk 0:03:00]}  Nf6 {[%clk 0:02:49]} 2. Bf4 {[%clk 0:03:00]}  b6 {[%clk 0:02:46]} 3. e3 {[%clk 0:03:00]}  Bb7 {[%clk 0:02:46]} 4. Nf3 {[%clk 0:03:01]}  g6 {[%clk 0:02:45]} 5. h3 {[%clk 0:03:01]}  Bg7 {[%clk 0:02:46]} 6. Be2 {[%clk 0:03:01]}  O-O {[%clk 0:02:46]} 7. O-O {[%clk 0:03:01]}  d6 {[%clk 0:02:46]} 8. a4 {[%clk 0:03:01]}  a6 {[%clk 0:02:46]} 9. Nbd2 {[%clk 0:03:01]}  Nbd7 {[%clk 0:02:46]} 10. c3 {[%clk 0:03:00]}  Re8 {[%clk 0:02:44]} 11. Bh2 {[%clk 0:02:59]}  c5 {[%clk 0:02:43]} 12. Qb3 {[%clk 0:02:59]}  Ra7 {[%clk 0:02:39]} 13. Rfd1 {[%clk 0:02:54]}  Qa8 {[%clk 0:02:37]} 14. Bf1 {[%clk 0:02:19]}  Bc6 {[%clk 0:02:33]} 15. Ng5 {[%clk 0:02:14]}  Rf8 {[%clk 0:02:21]} 16. Re1 {[%clk 0:02:00]}  h6 {[%clk 0:02:16]} 17. Ngf3 {[%clk 0:02:00]}  Ne4 {[%clk 0:02:15]} 18. Nxe4 {[%clk 0:01:56]}  Bxe4 {[%clk 0:02:16]} 19. Nd2 {[%clk 0:01:56]}  Bc6 {[%clk 0:02:16]} 20. Bg3 {[%clk 0:01:47]}  Rb8 {[%clk 0:02:12]} 21. Bh4 {[%clk 0:01:44]}  Nf8 {[%clk 0:02:06]} 22. Qd1 {[%clk 0:01:42]}  Ne6 {[%clk 0:02:01]} 23. Nc4 {[%clk 0:01:38]}  Bd5 {[%clk 0:01:53]} 24. Nd2 {[%clk 0:01:24]}  cxd4 {[%clk 0:01:35]} 25. exd4 {[%clk 0:01:24]}  Bc6 {[%clk 0:01:25]} 26. Rxe6 {[%clk 0:01:15]}  fxe6 {[%clk 0:01:26]} 27. Qg4 {[%clk 0:01:15]}  g5 {[%clk 0:01:15]} 28. Qxe6+ {[%clk 0:01:15]}  Kh8 {[%clk 0:01:13]} 29. Bg3 {[%clk 0:01:11]}  Rf8 {[%clk 0:01:14]} 30. Qe3 {[%clk 0:01:05]}  Qe8 {[%clk 0:01:02]} 31. Nc4 {[%clk 0:01:05]}  Rb7 {[%clk 0:00:59]} 32. b3 {[%clk 0:00:58]}  Qf7 {[%clk 0:00:57]} 33. Nd2 {[%clk 0:00:54]}  a5 {[%clk 0:00:50]} 34. Bd3 {[%clk 0:00:52]}  Rbb8 {[%clk 0:00:44]} 35. Re1 {[%clk 0:00:52]}  Rbe8 {[%clk 0:00:40]} 36. c4 {[%clk 0:00:49]}  e5 {[%clk 0:00:34]} 37. d5 {[%clk 0:00:49]}  Bd7 {[%clk 0:00:28]} 38. Ne4 {[%clk 0:00:47]}  Qe7 {[%clk 0:00:24]} 39. Qe2 {[%clk 0:00:47]}  Bf5 {[%clk 0:00:22]} 40. Qh5 {[%clk 0:00:47]}  Kg8 {[%clk 0:00:21]} 41. Qe2 {[%clk 0:00:39]}  Rd8 {[%clk 0:00:20]} 42. Nc3 {[%clk 0:00:36]}  Bxd3 {[%clk 0:00:20]} 43. Qxd3 {[%clk 0:00:37]}  Qf7 {[%clk 0:00:20]} 44. Ne4 {[%clk 0:00:37]}  Qf5 {[%clk 0:00:20]} 45. f3 {[%clk 0:00:37]}  Qd7 {[%clk 0:00:19]} 46. Bf2 {[%clk 0:00:38]}  Rb8 {[%clk 0:00:18]} 47. Ng3 {[%clk 0:00:37]}  Rf7 {[%clk 0:00:17]} 48. Qg6 {[%clk 0:00:37]}  Rf6 {[%clk 0:00:17]} 49. Qc2 {[%clk 0:00:35]}  Rf7 {[%clk 0:00:17]} 50. Be3 {[%clk 0:00:35]}  Rb7 {[%clk 0:00:17]} 51. Qf2 {[%clk 0:00:36]}  Qd8 {[%clk 0:00:17]} 52. Ne4 {[%clk 0:00:35]}  Bf8 {[%clk 0:00:17]} 53. Qg3 {[%clk 0:00:35]}  Kh8 {[%clk 0:00:17]} 54. Qg4 {[%clk 0:00:35]}  Qd7 {[%clk 0:00:15]} 55. Qg3 {[%clk 0:00:33]}  Qd8 {[%clk 0:00:15]} 56. Kf2 {[%clk 0:00:34]}  Be7 {[%clk 0:00:13]} 57. Rh1 {[%clk 0:00:33]}  Qg8 {[%clk 0:00:11]} 58. Qg4 {[%clk 0:00:33]}  Qg6 {[%clk 0:00:05]} 59. Ke2 {[%clk 0:00:30]}  Kg7 {[%clk 0:00:04]} 60. Ng3 {[%clk 0:00:28]}  Rb8 {[%clk 0:00:03]} 61. Ne4 {[%clk 0:00:19]}  Bf8 {[%clk 0:00:03]} 62. Qg3 {[%clk 0:00:20]}  Rbb7 {[%clk 0:00:03]} 63. Qf2 {[%clk 0:00:20]}  Rb8 {[%clk 0:00:04]} 64. Kd3 {[%clk 0:00:18]}  Rbb7 {[%clk 0:00:04]} 65. Qg3 {[%clk 0:00:18]}  Be7 {[%clk 0:00:04]} 66. Qe1 {[%clk 0:00:16]}  Bd8 {[%clk 0:00:05]} 67. Kc2 {[%clk 0:00:16]}  Rbd7 {[%clk 0:00:05]} 68. Kb2 {[%clk 0:00:16]}  Rb7 {[%clk 0:00:05]} 69. Ka2 {[%clk 0:00:16]}  Kf8 {[%clk 0:00:06]} 70. Qe2 {[%clk 0:00:17]}  Ke8 {[%clk 0:00:06]} 71. g4 {[%clk 0:00:17]}  Kd7 {[%clk 0:00:06]} 72. Ng3 {[%clk 0:00:17]}  Kc8 {[%clk 0:00:06]} 73. Nf5 {[%clk 0:00:18]}  h5 {[%clk 0:00:06]} 74. Qd3 {[%clk 0:00:17]}  Kb8 {[%clk 0:00:05]} 75. Qe4 {[%clk 0:00:17]}  h4 {[%clk 0:00:04]} 76. Rd1 {[%clk 0:00:16]}  Ka8 {[%clk 0:00:04]} 77. Rd3 {[%clk 0:00:16]}  Qf6 {[%clk 0:00:04]} 78. Bd2 {[%clk 0:00:15]}  Rfd7 {[%clk 0:00:05]} 79. Rc3 {[%clk 0:00:14]}  Kb8 {[%clk 0:00:04]} 80. Be3 {[%clk 0:00:15]}  Qf7 {[%clk 0:00:04]} 81. Rc2 {[%clk 0:00:15]}  Qe8 {[%clk 0:00:05]} 82. Rb2 {[%clk 0:00:15]}  Qg6 {[%clk 0:00:05]} 83. b4 {[%clk 0:00:15]}  axb4 {[%clk 0:00:05]} 84. Rxb4 {[%clk 0:00:16]}  Qe8 {[%clk 0:00:06]} 85. Kb3 {[%clk 0:00:16]}  Ka8 {[%clk 0:00:06]} 86. Rb5 {[%clk 0:00:15]}  Ra7 {[%clk 0:00:06]} 87. Bd2 {[%clk 0:00:16]}  Qg8 {[%clk 0:00:05]} 88. Bb4 {[%clk 0:00:15]}  Bc7 {[%clk 0:00:05]} 89. Ne3 {[%clk 0:00:15]}  Qd8 {[%clk 0:00:05]} 90. Qg6 {[%clk 0:00:14]}  Qe7 {[%clk 0:00:03]} 91. Nf5 {[%clk 0:00:15]}  Qd8 {[%clk 0:00:03]} 92. Qe6 {[%clk 0:00:15]}  Bb8 {[%clk 0:00:04]} 93. Qg6 {[%clk 0:00:10]}  Bc7 {[%clk 0:00:04]} 94. Ne3 {[%clk 0:00:09]}  Bb8 {[%clk 0:00:05]} 95. Qe4 {[%clk 0:00:10]}  Bc7 {[%clk 0:00:04]} 96. Nf5 {[%clk 0:00:11]}  Bb8 {[%clk 0:00:05]} 97. Qe3 {[%clk 0:00:11]}  Bc7 {[%clk 0:00:05]} 98. Bd2 {[%clk 0:00:11]}  Ra5 {[%clk 0:00:04]} 99. Qxg5 {[%clk 0:00:11]}  Rxb5+ {[%clk 0:00:04]} 100. axb5 {[%clk 0:00:12]}  Qc8 {[%clk 0:00:04]} 101. Qxh4 {[%clk 0:00:12]}  Bb8 {[%clk 0:00:04]} 102. Qe1 {[%clk 0:00:12]}  Ra7 {[%clk 0:00:04]} 103. Bb4 {[%clk 0:00:12]}  Qh8 {[%clk 0:00:04]} 104. Qf1 {[%clk 0:00:11]}  Qd8 {[%clk 0:00:03]} 105. Qe2 {[%clk 0:00:11]}  Qf6 {[%clk 0:00:04]} 106. Qe3 {[%clk 0:00:12]}  e4 {[%clk 0:00:03]} 107. Bc3 {[%clk 0:00:11]}  Qf7 {[%clk 0:00:03]} 108. Qxe4 {[%clk 0:00:11]}  Qh7 {[%clk 0:00:03]} 109. Qe6 {[%clk 0:00:10]}  Qxh3 {[%clk 0:00:03]} 110. Nxd6 {[%clk 0:00:10]}  Qf1 {[%clk 0:00:03]} 111. Ne4 {[%clk 0:00:08]}  Qd1+ {[%clk 0:00:03]} 112. Kb2 {[%clk 0:00:05]}  Qa1+ {[%clk 0:00:03]} 113. Kc2 {[%clk 0:00:06]}  Qa2+ {[%clk 0:00:03]} 114. Kd3 {[%clk 0:00:06]}  Qb1+ {[%clk 0:00:04]} 115. Ke3 {[%clk 0:00:06]}  Qg1+ {[%clk 0:00:04]} 116. Nf2 {[%clk 0:00:05]}  Qc1+ {[%clk 0:00:03]} 117. Bd2 {[%clk 0:00:05]}  Qxc4 {[%clk 0:00:03]} 118. Qc6+ {[%clk 0:00:06]}  Qxc6 {[%clk 0:00:03]} 119. dxc6 {[%clk 0:00:06]}  Ra3+ {[%clk 0:00:03]} 120. Nd3 {[%clk 0:00:07]}  Bd6 {[%clk 0:00:03]} 121. Kd4 {[%clk 0:00:06]}  Ra4+ {[%clk 0:00:03]} 122. Kd5 {[%clk 0:00:05]}  Bc7 {[%clk 0:00:04]} 123. Bc3 {[%clk 0:00:05]}  Ra3 {[%clk 0:00:03]} 124. Kc4 {[%clk 0:00:06]}  Kb8 {[%clk 0:00:03]} 125. Nb4 {[%clk 0:00:06]}  Ra4 {[%clk 0:00:00]} 126. g5 {[%clk 0:00:06]} 1-0